Defination, scope and funtions of education (Record no. 1665)

MARC details
000 -LEADER
fixed length control field 00491cam a2200193ua 4500
008 - FIXED-LENGTH DATA ELEMENTS--GENERAL INFORMATION
fixed length control field 110719n ii |||gr||||Z||||||eng
040 ## - CATALOGING SOURCE
Transcribing agency MAIN
100 1# - MAIN ENTRY--PERSONAL NAME
Personal name Dutta,
Relator term
245 1# - TITLE STATEMENT
Title Defination, scope and funtions of education
Statement of responsibility, etc. by Dutta
250 ## - EDITION STATEMENT
Edition statement 1st.
260 ## - PUBLICATION, DISTRIBUTION, ETC.
Place of publication, distribution, etc. [s.l]:
Name of publisher, distributor, etc. [s.n].
300 ## - PHYSICAL DESCRIPTION
Extent 43p.
700 ## - ADDED ENTRY--PERSONAL NAME
Personal name Singha,
Relator term
700 ## - ADDED ENTRY--PERSONAL NAME
Personal name Choudhury,
Relator term
942 ## - ADDED ENTRY ELEMENTS (KOHA)
Koha item type Books
653 ## - INDEX TERM--UNCONTROLLED
Uncontrolled term Education
653 ## - INDEX TERM--UNCONTROLLED
Uncontrolled term Defination, scope and funtions of education
Holdings
Withdrawn status Lost status Damaged status Not for loan Home library Current library Shelving location Date acquired Total Checkouts Full call number Barcode Date last seen Copy number Price effective from Koha item type
        Naharkatiya College Library Naharkatiya College Library General Stacks 19/09/2020   DUT 11133 19/09/2020 1 19/09/2020 Books

Naharkatiya College © 2020. All rights reserved.

Powered By